Sjögren's syndrome in present

Bibliographic Details
Main Authors: Mracna, J. (Author), Stanko, P. (Author), Feltsan, T. (Author)
Format: Article
Language:English

MARC

LEADER 00000nab a2200000ua 4500
001 vtls010780589
003 SK-MaSNL
005 20260303123516.0
008 230214s2012 xo |||||||||||||||||eng|
035 |a (urnnbn)urn:nbn:sk:snk:ar-a03lc1 
035 |a (uuid)7b786fd4-5a35-4d35-90fc-4e3003440fd6 
035 |a urn:nbn:sk:snk-ab5coo 
040 |a SNKBUCL  |b slo  |c SNKBUCL  |e AACR2 
041 0 |a eng 
044 |a xo  |c SK 
100 1 |a Mracna, J.  |4 aut  |9 1139329 
245 1 0 |a Sjögren's syndrome in present  |c J. Mracna, P. Stanko, T. Feltsan 
700 1 |a Stanko, P.  |4 aut  |9 923234 
700 1 |a Feltsan, T.  |4 aut  |9 1139330 
773 0 |t Bratislavské lekárske listy  |g Roč. 113, č. 8 (2012), s. [514]-516 
958 |a OND 
958 |a EUIPO 
958 |a article3 
999 |c 1926470  |d 1928400